Test Measurement & Evaluation (Record no. 5499)

MARC details
000 -LEADER
fixed length control field 00219nam a22000857a 4500
008 - FIXED-LENGTH DATA ELEMENTS--GENERAL INFORMATION
fixed length control field 170116b xxu||||| |||| 00| 0 eng d
020 ## - INTERNATIONAL STANDARD BOOK NUMBER
International Standard Book Number 9788172163112
100 ## - MAIN ENTRY--PERSONAL NAME
9 (RLIN) 2447
Personal name Yobu.A.
245 ## - TITLE STATEMENT
Title Test Measurement & Evaluation
260 ## - PUBLICATION, DISTRIBUTION, ETC. (IMPRINT)
Place of publication, distribution, etc. New Delhi
Name of publisher, distributor, etc. SET
Date of publication, distribution, etc. 2009
Holdings
Withdrawn status Lost status Source of classification or shelving scheme Damaged status Koha normalized classification for sorting Not for loan Home library Current library Shelving location Date acquired Total Checkouts Full call number Barcode Date last seen Price effective from Koha item type
    Dewey Decimal Classification   YOB_796_000000000000000_C10   Good Samaritan School Library Good Samaritan School Library Sports & Games 01/16/2017   YOB796 C-10 YOB8920 01/16/2017 01/16/2017 Reference
    Dewey Decimal Classification   YOB_372_860000000000000   Good Samaritan School Library Good Samaritan School Library Sports & Games 01/16/2017   YOB372.86 YOB8921 01/16/2017 01/16/2017 Reference

Powered by Koha